[Event "BL 2324 SC Ötigheim - SK Doppelbauer Tu"]
[Site "?"]
[Date "2023.10.22"]
[Round "2.6"]
[White "Grigoriants, Sergey"]
[Black "Ochsner, Bjorn Moller"]
[Result "1/2-1/2"]
[WhiteElo "2562"]
[BlackElo "2537"]
[PlyCount "43"]
[EventDate "2023.??.??"]

1. Nf3 c5 2. c4 Nc6 3. Nc3 Nf6 4. e3 e5 5. d4 e4 6. d5 exf3 7. dxc6 dxc6 8. Qxd8+ Kxd8 9. gxf3 g6 10. b3 Bg7 11. Bb2 Ke7 12. O-O-O Bf5 13. Bd3 Bxd3 14. Rxd3 Rhd8 15. Rhd1 Rxd3 16. Rxd3 b6 17. Ne2 Ne8 18. Ng3 Bxb2+ 19. Kxb2 Ng7 20. f4 Rd8 21. Rxd8 Kxd8 22. Kc3 1/2-1/2

[Event "BL 2324 SC Ötigheim - SK Doppelbauer Tu"]
[Site "?"]
[Date "2023.10.22"]
[Round "2.7"]
[White "Fromm, Marius"]
[Black "Georgiev, Kiril"]
[Result "0-1"]
[WhiteElo "2472"]
[BlackElo "2536"]
[PlyCount "150"]
[EventDate "2023.??.??"]

1. e4 c5 2. Nf3 d6 3. d4 cxd4 4. Nxd4 Nf6 5. Nc3 a6 6. Bg5 e6 7. f4 Qb6 8. Qd3 Qxb2 9. Rb1 Qa3 10. f5 Be7 11. fxe6 fxe6 12. Be2 Qa5 13. Bd2 Qc7 14. g4 h6 15. e5 dxe5 16. Qg6+ Kd8 17. Nf3 Nc6 18. g5 hxg5 19. Nxg5 Rf8 20. Rf1 Bd7 21. Qxg7 Kc8 22. Nce4 Qd8 23. Rxf6 Rxf6 24. Nf7 Rxf7 25. Qxf7 Nd4 26. Bd3 Qf8 27. Qxf8+ Bxf8 28. Kf2 Be7 29. c3 Nf5 30. Bg5 Kc7 31. Bxe7 Nxe7 32. Nc5 Rf8+ 33. Ke2 b5 34. Nxa6+ Kb6 35. Nb4 Rh8 36. Rh1 Rh4 37. Kf2 e4 38. Bb1 Nf5 39. Re1 Rf4+ 40. Kg2 Bc8 41. h3 Bb7 42. Kh2 e5 43. Bc2 Kc5 44. Bd3 Nh4 45. Kg3 Rf3+ 46. Kxh4 Rxd3 47. Nxd3+ exd3 48. Kg3 Kc4 49. Kf2 d2 50. Rg1 Kd3 51. h4 Bf3 52. Kxf3 e4+ 53. Kf4 e3 54. Rg3 d1=Q 55. Rxe3+ Kc4 56. Rg3 Qd2+ 57. Kg4 Qe2+ 58. Kg5 Qe7+ 59. Kg4 Qg7+ 60. Kh3 Qd7+ 61. Kh2 Qf5 62. Kg2 Qc2+ 63. Kh3 Qxa2 64. h5 Qd2 65. Kg4 Qe2+ 66. Kg5 Qe5+ 67. Kg4 Qf6 68. Rf3 Qg7+ 69. Kf4 Kd5 70. Rd3+ Ke6 71. Re3+ Kf6 72. Ke4 Qh7+ 73. Kd4 Qd7+ 74. Ke4 Qf5+ 75. Kd4 Qxh5 0-1

[Event "BL 2324 SC Ötigheim - SK Doppelbauer Tu"]
[Site "?"]
[Date "2023.10.22"]
[Round "2.8"]
[White "Heinz, Timothee"]
[Black "Pajeken, Jakob Leon"]
[Result "1/2-1/2"]
[WhiteElo "2373"]
[BlackElo "2416"]
[PlyCount "48"]
[EventDate "2023.??.??"]

1. d4 Nf6 2. Nf3 e6 3. c4 b6 4. g3 Bb7 5. Bg2 Bb4+ 6. Bd2 c5 7. O-O Bxd2 8. Qxd2 cxd4 9. Nxd4 Bxg2 10. Kxg2 a6 11. Nc3 O-O 12. Rfd1 Qc7 13. b3 Nc6 14. Rac1 Rfc8 15. Qe3 Qb7 16. Qf3 Rab8 17. Ne4 Nxe4 18. Qxe4 Nxd4 19. Qxb7 Rxb7 20. Rxd4 Kf8 21. Rcd1 Ke7 22. Rd6 a5 23. a4 Rc6 24. R6d3 d6 1/2-1/2

[Event "BL 2324 FC Bayern München - SC Remagen "]
[Site "?"]
[Date "2023.10.22"]
[Round "2.1"]
[White "Parligras, Mircea-Emilian"]
[Black "Tabatabaei, M. Amin"]
[Result "1/2-1/2"]
[WhiteElo "2561"]
[BlackElo "2685"]
[PlyCount "74"]
[EventDate "2023.??.??"]

1. d4 Nf6 2. c4 e6 3. Nf3 d5 4. Nc3 Nbd7 5. Bf4 Bb4 6. cxd5 exd5 7. Qb3 c5 8. dxc5 a5 9. a3 Nxc5 10. Qc2 Bxc3+ 11. Qxc3 Ne6 12. e3 Ne4 13. Bb5+ Bd7 14. Qd3 N4c5 15. Qe2 O-O 16. Be5 f6 17. Bd4 Nb3 18. Rd1 Nf4 19. exf4 Nxd4 20. Rxd4 Re8 21. Ne5 fxe5 22. Bxd7 Qxd7 23. fxe5 Rxe5 24. Qxe5 Re8 25. Qe3 Rxe3+ 26. fxe3 Qf5 27. Ke2 Qg6 28. Kf3 Qh5+ 29. Kf2 Qf5+ 30. Ke2 Qc2+ 31. Rd2 Qe4 32. Kf2 Qf5+ 33. Ke2 Qe5 34. Rd4 h6 35. h3 Qh5+ 36. Kf2 Qf5+ 37. Ke2 Qc2+ 1/2-1/2

[Event "BL 2324 FC Bayern München - SC Remagen "]
[Site "?"]
[Date "2023.10.22"]
[Round "2.2"]
[White "Huschenbeth, Niclas"]
[Black "Pavlidis, Antonios"]
[Result "1/2-1/2"]
[WhiteElo "2605"]
[BlackElo "2566"]
[PlyCount "216"]
[EventDate "2023.??.??"]

1. e4 e5 2. Nf3 Nc6 3. Bb5 a6 4. Ba4 Nf6 5. O-O Be7 6. d3 b5 7. Bb3 d6 8. c3 O-O 9. a4 Bd7 10. Bc2 Re8 11. Re1 h6 12. Nbd2 Bf8 13. h3 Rb8 14. Nf1 d5 15. axb5 axb5 16. exd5 Nxd5 17. Ng3 b4 18. Bd2 bxc3 19. bxc3 Nf6 20. Bb3 Bd6 21. Nh4 e4 22. dxe4 Bxg3 23. fxg3 Nxe4 24. Bxf7+ Kxf7 25. Rxe4 Rxe4 26. Qf3+ Kg8 27. Qxe4 Qe7 28. Qxe7 Nxe7 29. Ra7 Rc8 30. Nf3 Nc6 31. Rb7 Na5 32. Ra7 Nc6 33. Rb7 Na5 34. Rb4 c5 35. Rh4 Nb3 36. Be3 Re8 37. Kf2 Ra8 38. Rh5 Ra2+ 39. Kg1 Bc6 40. Bxc5 Bxf3 41. gxf3 Ra5 42. Kf2 Kf7 43. Re5 Nxc5 44. Ke3 Kf6 45. f4 g5 46. Kf3 gxf4 47. Rh5 fxg3 48. Rxh6+ Kg5 49. Rh8 Ra3 50. Rg8+ Kf6 51. Kxg3 Rxc3+ 52. Kg4 Rc4+ 53. Kf3 Kf5 54. Rf8+ Ke5 55. Re8+ Ne6 56. h4 Kf5 57. Ke3 Rxh4 58. Kd3 Ke5 59. Re7 Kd6 60. Ra7 Nf4+ 61. Ke4 Nd5+ 62. Kd3 Ke5 63. Ra8 Rh3+ 64. Kd2 Nb6 65. Re8+ Kd4 66. Rd8+ Nd5 67. Ke2 Re3+ 68. Kf2 Re5 69. Kf3 Rf5+ 70. Kg4 Rf7 71. Kg5 Re7 72. Ra8 Ke4 73. Ra4+ Ke5 74. Kg4 Rg7+ 75. Kf3 Rf7+ 76. Kg3 Nc3 77. Ra5+ Ke4 78. Kg4 Rg7+ 79. Rg5 Ra7 80. Rg8 Re7 81. Kg5 Nd5 82. Rg6 Re8 83. Kg4 Nf4 84. Rg7 Nd3 85. Kg3 Rf8 86. Rg4+ Ke3 87. Ra4 Rg8+ 88. Rg4 Ra8 89. Rg7 Ne5 90. Rg5 Ke4 91. Rg7 Ra1 92. Kg2 Nc6 93. Rg4+ Ke3 94. Rg3+ Kf4 95. Rf3+ Ke4 96. Rf1 Ra2+ 97. Rf2 Ra8 98. Re2+ Kf4 99. Rf2+ Ke3 100. Rf3+ Ke4 101. Rf7 Nd4 102. Rf6 Nf5 103. Re6+ Kf4 104. Kf2 Rb8 105. Ke1 Nd4 106. Re7 Rb2 107. Kd1 Nb5 108. Kc1 Rh2 1/2-1/2

[Event "BL 2324 FC Bayern München - SC Remagen "]
[Site "?"]
[Date "2023.10.22"]
[Round "2.3"]
[White "Plat, Vojtech"]
[Black "Idani, Pouya"]
[Result "0-1"]
[WhiteElo "2503"]
[BlackElo "2633"]
[PlyCount "153"]
[EventDate "2023.??.??"]

1. e4 c5 2. Nf3 d6 3. c3 Nf6 4. Be2 g6 5. O-O Bg7 6. Bb5+ Nc6 7. e5 Nd5 8. d4 O-O 9. dxc5 dxe5 10. Bc4 e6 11. Na3 Qe7 12. Ng5 Qxc5 13. Ne4 Qa5 14. Nb5 Nce7 15. a4 Bd7 16. Bg5 f6 17. Bd2 a6 18. b4 Qd8 19. Na3 b6 20. Bb3 f5 21. c4 Nf4 22. Nc3 Nd3 23. b5 e4 24. Bc2 Be8 25. Rb1 Qd6 26. Bxd3 Qxa3 27. Bc2 Rd8 28. Bc1 Rxd1 29. Bxa3 Rd2 30. bxa6 Bxc3 31. Bxe7 Rf7 32. c5 Rxe7 33. cxb6 Bd4 34. b7 Ba7 35. Bb3 Kg7 36. Bc4 Bxa4 37. b8=Q Bxb8 38. Rxb8 Bc6 39. Rfb1 e3 40. R8b2 exf2+ 41. Kf1 Rd4 42. Be2 Ra4 43. Kxf2 Kf6 44. Rb4 Ra5 45. h4 Be4 46. R1b2 h6 47. Rb8 g5 48. hxg5+ hxg5 49. R2b7 Rf7 50. Rb6 g4 51. Bc4 Bd5 52. Bxd5 Rxd5 53. Rh8 Rd2+ 54. Kg3 Rfd7 55. Rf8+ Ke5 56. Rb5+ R2d5 57. Rfb8 Ra7 58. R8b6 Ra8 59. Rb3 Kf6 60. Re3 Re5 61. Rxe5 Kxe5 62. Rb5+ Kd6 63. Ra5 Kc6 64. a7 Kb7 65. Re5 Re8 66. Ra5 Rc8 67. Kh4 Ka8 68. Ra6 Rc2 69. Rxe6 Rxg2 70. Rf6 Rf2 71. Rf7 Rf3 72. Kg5 g3 73. Rg7 Rf1 74. Rf7 Rf3 75. Kh4 f4 76. Kh3 Rf2 77. Rg7 0-1

[Event "BL 2324 FC Bayern München - SC Remagen "]
[Site "?"]
[Date "2023.10.22"]
[Round "2.4"]
[White "Dragnev, Valentin"]
[Black "Burg, Twan"]
[Result "1-0"]
[WhiteElo "2586"]
[BlackElo "2530"]
[PlyCount "141"]
[EventDate "2023.??.??"]

1. e4 e5 2. Nf3 Nf6 3. d4 Nxe4 4. Bd3 Nc6 5. Nxe5 Nxe5 6. dxe5 Nc5 7. Bc4 d6 8. Qf3 Ne6 9. Nc3 dxe5 10. Be3 Bd6 11. Bb5+ Bd7 12. Qxb7 O-O 13. O-O-O Rb8 14. Qd5 Nf4 15. Qc4 Nxg2 16. Bxa7 Rb7 17. Bc5 Qg5+ 18. Kb1 Bxb5 19. Nxb5 Bxc5 20. Qxc5 Rfb8 21. a4 Nf4 22. b3 Ne6 23. Qc4 Qf5 24. Rd5 Rb6 25. a5 c6 26. axb6 cxd5 27. Qxd5 Qxf2 28. b7 Qc5 29. Rd1 Qxd5 30. Rxd5 Rxb7 31. Rxe5 Kf8 32. c4 Ke7 33. Kc2 Kf6 34. Rd5 g5 35. Kc3 Nf4 36. Rd2 h5 37. b4 h4 38. Nd6 Re7 39. b5 Re3+ 40. Kc2 Ne6 41. b6 Nd8 42. c5 Re5 43. Kb3 Nc6 44. Kc4 g4 45. Kb5 Nb8 46. Nc4 Rh5 47. Ne3 g3 48. hxg3 h3 49. Ng4+ Ke7 50. b7 Rg5 51. Ne3 Re5 52. Ng4 Rg5 53. Re2+ Kd8 54. Ne5 h2 55. Nxf7+ Kc7 56. Re7+ Nd7 57. Rxd7+ Kxd7 58. b8=Q h1=Q 59. Qd8+ Ke6 60. Nxg5+ Kf5 61. Kb6 Qb1+ 62. Kc7 Qa2 63. Nf7 Ke6 64. Qe8+ Kf6 65. Nd6 Qa5+ 66. Kb7 Qa3 67. Qf7+ Kg5 68. Qg7+ Kh5 69. Qe5+ Kg6 70. c6 Qb2+ 71. Qxb2 1-0

[Event "BL 2324 FC Bayern München - SC Remagen "]
[Site "?"]
[Date "2023.10.22"]
[Round "2.5"]
[White "Swinkels, Robin"]
[Black "Alonso Rosell, Alvar"]
[Result "1/2-1/2"]
[WhiteElo "2515"]
[BlackElo "2574"]
[PlyCount "24"]
[EventDate "2023.??.??"]

1. d4 Nf6 2. c4 c5 3. d5 g6 4. Nc3 Bg7 5. e4 d6 6. Be2 O-O 7. Nf3 e6 8. O-O exd5 9. exd5 Bf5 10. Nh4 Bc8 11. Nf3 Bf5 12. Nh4 Bc8 1/2-1/2

[Event "BL 2324 FC Bayern München - SC Remagen "]
[Site "?"]
[Date "2023.10.22"]
[Round "2.6"]
[White "Georgiadis, Nico"]
[Black "Cyborowski, Lukasz"]
[Result "1/2-1/2"]
[WhiteElo "2563"]
[BlackElo "2479"]
[PlyCount "59"]
[EventDate "2023.??.??"]

1. e4 e5 2. Nf3 Nc6 3. Bb5 Nf6 4. d3 Bc5 5. Nbd2 d6 6. Bxc6+ bxc6 7. O-O O-O 8. h3 Bb6 9. Re1 Nd7 10. a4 a6 11. Nc4 Re8 12. c3 Nc5 13. Be3 Be6 14. b4 Nb7 15. a5 Bxe3 16. Nxe3 c5 17. d4 exd4 18. cxd4 cxb4 19. Nd2 Qf6 20. Ndc4 Rab8 21. Rc1 Qg5 22. Qf3 Qb5 23. d5 Bd7 24. Nf5 Bxf5 25. Qxf5 Nc5 26. e5 Nb3 27. exd6 Nxc1 28. Rxc1 g6 29. Qf4 cxd6 30. Nxd6 1/2-1/2

[Event "BL 2324 FC Bayern München - SC Remagen "]
[Site "?"]
[Date "2023.10.22"]
[Round "2.7"]
[White "Jaracz, Pawel"]
[Black "Johansson, Linus"]
[Result "1/2-1/2"]
[WhiteElo "2472"]
[BlackElo "2429"]
[PlyCount "98"]
[EventDate "2023.??.??"]

1. Nf3 Nf6 2. c4 e6 3. e3 b6 4. Nc3 Bb7 5. b3 g6 6. Bb2 Bg7 7. d4 O-O 8. Bd3 c5 9. dxc5 bxc5 10. O-O a6 11. Qe2 Qc7 12. Rfd1 Nc6 13. Ne4 Nxe4 14. Bxe4 Bxb2 15. Qxb2 f5 16. Bxc6 Bxc6 17. Qe5 Qb7 18. Ne1 f4 19. exf4 Rf5 20. Qe3 Raf8 21. f3 Rxf4 22. Qxc5 R4f5 23. Qe3 e5 24. Nd3 e4 25. fxe4 Bxe4 26. Rd2 d5 27. Re1 Bxd3 28. Qxd3 Qa7+ 29. Kh1 Qf7 30. h3 dxc4 31. Qxc4 Qxc4 32. bxc4 Rf1+ 33. Rxf1 Rxf1+ 34. Kh2 Rc1 35. Rd6 Rxc4 36. Rxa6 Kg7 37. a4 h5 38. a5 h4 39. Ra7+ Kh6 40. a6 Ra4 41. Kg1 Ra2 42. Ra8 Kg7 43. a7 Kh7 44. Kf1 Kg7 45. Ke1 Kh7 46. Kd1 Kg7 47. Kc1 Kh7 48. Kb1 Ra6 49. Kc2 Kg7 1/2-1/2

[Event "BL 2324 FC Bayern München - SC Remagen "]
[Site "?"]
[Date "2023.10.22"]
[Round "2.8"]
[White "Lokander, Martin"]
[Black "Vandenbussche, Thibaut"]
[Result "1/2-1/2"]
[WhiteElo "2462"]
[BlackElo "2434"]
[PlyCount "94"]
[EventDate "2023.??.??"]

1. d4 d5 2. c4 e6 3. Nc3 c5 4. cxd5 exd5 5. Nf3 Nc6 6. dxc5 d4 7. Na4 Bxc5 8. Nxc5 Qa5+ 9. Bd2 Qxc5 10. b4 Nxb4 11. Rc1 Qe7 12. Qa4+ Nc6 13. e3 dxe3 14. Bxe3 Qb4+ 15. Qxb4 Nxb4 16. Bb5+ Bd7 17. Bxd7+ Kxd7 18. O-O Nc6 19. Rfd1+ Ke8 20. Ng5 Nge7 21. Bc5 f6 22. Ne4 Kf7 23. Rd7 Ke6 24. Rcd1 Rhd8 25. R1d6+ Kf7 26. Rxb7 Rab8 27. Rxd8 Rxd8 28. g3 a5 29. Kg2 Rd5 30. a4 h6 31. g4 h5 32. h3 hxg4 33. hxg4 Ke6 34. Be3 Ne5 35. Kg3 Nxg4 36. Bc5 Nc6 37. Rc7 Nce5 38. Rxg7 Rd3+ 39. Kg2 Rd7 40. Rg8 f5 41. Ng3 Rd2 42. Re8+ Kd7 43. Rf8 Ng6 44. Ra8 Nf4+ 45. Kf3 Ne6 46. Be3 Nxe3 47. fxe3 Rd5 1/2-1/2

[Event "BL 2324 MSA Zugzwang - SC Heimbach-Weis-"]
[Site "?"]
[Date "2023.10.22"]
[Round "2.1"]
[White "Livaic, Leon"]
[Black "Eljanov, Pavel"]
[Result "1/2-1/2"]
[WhiteElo "2549"]
[BlackElo "2695"]
[PlyCount "82"]
[EventDate "2023.??.??"]

1. d4 Nf6 2. Nf3 d5 3. c4 e6 4. g3 Bb4+ 5. Bd2 Be7 6. Bg2 O-O 7. O-O c6 8. Qc2 Nbd7 9. Rd1 b6 10. Bf4 Ba6 11. cxd5 Nxd5 12. Nc3 Nxf4 13. gxf4 Bb7 14. Ne5 Rc8 15. Rac1 Nxe5 16. dxe5 Qc7 17. Nb5 Qb8 18. Nd6 Bxd6 19. exd6 Rfd8 20. Qd3 c5 21. Bxb7 Qxb7 22. e4 f6 23. Rd2 Qf7 24. Kh1 e5 25. f5 Rd7 26. b4 c4 27. a4 a6 28. Qc3 g6 29. Rg1 Rcd8 30. fxg6 hxg6 31. Rgd1 Qe6 32. b5 axb5 33. axb5 Kg7 34. Rd5 Rh8 35. Rg1 Rxd6 36. Rxd6 Qxd6 37. Qxc4 g5 38. Ra1 Kg6 39. Ra7 Qd1+ 40. Kg2 Qg4+ 41. Kf1 Qd1+ 1/2-1/2

[Event "BL 2324 MSA Zugzwang - SC Heimbach-Weis-"]
[Site "?"]
[Date "2023.10.22"]
[Round "2.2"]
[White "Horvath, Dominik"]
[Black "Kraemer, Martin"]
[Result "1/2-1/2"]
[WhiteElo "2540"]
[BlackElo "2579"]
[PlyCount "71"]
[EventDate "2023.??.??"]

1. e4 e5 2. Nf3 Nc6 3. Bb5 a6 4. Ba4 Nf6 5. O-O b5 6. Bb3 Bc5 7. a4 Rb8 8. c3 d6 9. d4 Bb6 10. a5 Ba7 11. Be3 Bg4 12. Nbd2 O-O 13. h3 exd4 14. cxd4 Bh5 15. Qc1 Nb4 16. Bg5 h6 17. Bh4 g5 18. e5 gxh4 19. exf6 Qxf6 20. Qxc7 Bxd4 21. Ne4 Qg7 22. Nxd4 Qxd4 23. Nxd6 Rbd8 24. Nf5 Qf6 25. Ne7+ Kg7 26. Rae1 Nd3 27. Re4 Rfe8 28. Bd5 Nf4 29. Rfe1 Nd3 30. R1e3 Qxf2+ 31. Kh2 Rxd5 32. Nxd5 Rxe4 33. Qc3+ Re5 34. Rxd3 Qe1 35. Qxe1 Rxe1 36. Rd4 1/2-1/2

[Event "BL 2324 MSA Zugzwang - SC Heimbach-Weis-"]
[Site "?"]
[Date "2023.10.22"]
[Round "2.3"]
[White "Neugebauer, Martin"]
[Black "Shengelia, David"]
[Result "1/2-1/2"]
[WhiteElo "2529"]
[BlackElo "2494"]
[PlyCount "108"]
[EventDate "2023.??.??"]

1. e4 c5 2. Nf3 e6 3. c3 Nf6 4. e5 Nd5 5. d4 cxd4 6. cxd4 b6 7. Nc3 Nxc3 8. bxc3 Qc7 9. Bd2 Bb7 10. Bd3 d6 11. O-O Nd7 12. Bf4 dxe5 13. Bxe5 Nxe5 14. Nxe5 Bd6 15. Bb5+ Kf8 16. Qh5 h6 17. Rfe1 Rd8 18. Re3 Bxe5 19. dxe5 g6 20. Qh4 Qe7 21. Qa4 Ba8 22. Qb4 a5 23. Qb2 Qc5 24. Be2 Kg7 25. Rb1 Rb8 26. c4 Rhd8 27. h3 Rd4 28. Qb5 Qxb5 29. Rxb5 Rd2 30. c5 Bc6 31. Rxb6 Rxb6 32. cxb6 Rb2 33. Bf3 Bxf3 34. Rxf3 Rxb6 35. a3 g5 36. g4 Rb5 37. Re3 Kg6 38. Kg2 h5 39. Kf1 Rc5 40. Kg2 Rc4 41. Kf3 Ra4 42. Kg3 Rf4 43. Re2 Kg7 44. Re3 h4+ 45. Kg2 Rc4 46. Kf3 Kf8 47. Rd3 Rc1 48. Ke4 Re1+ 49. Re3 Rh1 50. f4 gxf4 51. Kxf4 Rg1 52. Kg5 Rg3 53. Kf4 Rg1 54. Kg5 Rg3 1/2-1/2

[Event "BL 2324 MSA Zugzwang - SC Heimbach-Weis-"]
[Site "?"]
[Date "2023.10.22"]
[Round "2.4"]
[White "Baidetskyi, Valentin"]
[Black "Krejci, Jan"]
[Result "0-1"]
[WhiteElo "2471"]
[BlackElo "2517"]
[PlyCount "78"]
[EventDate "2023.??.??"]

1. e4 e5 2. Nf3 Nc6 3. Bc4 Nf6 4. d3 h6 5. c3 d6 6. a4 g6 7. Qb3 Qe7 8. a5 a6 9. Nbd2 Bg7 10. Nf1 Nd8 11. Ng3 c6 12. Qa3 Bg4 13. Be3 Bxf3 14. gxf3 Ne6 15. d4 exd4 16. cxd4 d5 17. Bb3 Qxa3 18. Rxa3 O-O-O 19. e5 Ng8 20. f4 f5 21. Ke2 Ne7 22. h4 Kb8 23. Ba2 Rhf8 24. b4 Rf7 25. Bb1 Rg8 26. Kf3 Bf8 27. Ne2 g5 28. hxg5 hxg5 29. fxg5 Ng6 30. Bd2 Be7 31. Rh5 f4 32. Kg2 Nxg5 33. Bxg6 f3+ 34. Kh2 Rxg6 35. Rh8+ Ka7 36. Nf4 Rgg7 37. e6 Rh7+ 38. Rxh7 Rxh7+ 39. Kg1 Bd6 0-1

[Event "BL 2324 MSA Zugzwang - SC Heimbach-Weis-"]
[Site "?"]
[Date "2023.10.22"]
[Round "2.5"]
[White "Polak, Tomas"]
[Black "Bromberger, Stefan"]
[Result "1/2-1/2"]
[WhiteElo "2518"]
[BlackElo "2476"]
[PlyCount "65"]
[EventDate "2023.??.??"]

1. d4 Nf6 2. c4 e6 3. Nf3 d5 4. e3 c5 5. Nc3 a6 6. cxd5 exd5 7. Be2 Nc6 8. O-O c4 9. Ne5 Bb4 10. Bd2 Qd6 11. Nxc6 Qxc6 12. a4 O-O 13. a5 Bf5 14. Qa4 Bd6 15. Rfc1 b5 16. axb6 Qxb6 17. Ra2 Bb4 18. Qd1 Bxc3 19. Bxc3 Ne4 20. Be1 Rfe8 21. Rca1 Re6 22. Ra5 Rg6 23. Rxd5 Bh3 24. Bf3 Re8 25. Raa5 h6 26. Re5 Rxe5 27. Rxe5 Ng5 28. Bd5 Qxb2 29. Qd2 Bxg2 30. Rxg5 Qxd2 31. Bxd2 Bxd5 32. Rxg6 fxg6 33. h4 1/2-1/2

[Event "BL 2324 MSA Zugzwang - SC Heimbach-Weis-"]
[Site "?"]
[Date "2023.10.22"]
[Round "2.6"]
[White "Kjartansson, Gudmundur"]
[Black "Kraus, Tomas"]
[Result "1/2-1/2"]
[WhiteElo "2453"]
[BlackElo "2491"]
[PlyCount "119"]
[EventDate "2023.??.??"]

1. d4 d5 2. c4 e6 3. Nf3 dxc4 4. e3 b5 5. a4 c6 6. axb5 cxb5 7. b3 Nf6 8. bxc4 bxc4 9. Bxc4 Bd6 10. O-O O-O 11. Nbd2 Bb7 12. Be2 a5 13. Nc4 Bb4 14. Bb2 Nbd7 15. Qa4 Nd5 16. Rfc1 N7b6 17. Qd1 Nxc4 18. Bxc4 Nb6 19. Bb3 Qe7 20. Ne5 Rfc8 21. Rxc8+ Rxc8 22. g3 Ba8 23. Rc1 Rxc1 24. Bxc1 Qb7 25. f3 Nd7 26. Nd3 Qxf3 27. Qxf3 Bxf3 28. Nxb4 axb4 29. Bd2 Bd5 30. Bxd5 exd5 31. Bxb4 f5 32. Kf2 Kf7 33. Kf3 Ke6 34. Kf4 h6 35. h3 Nf6 36. Bf8 Nh5+ 37. Kf3 Kf7 38. Bd6 Nf6 39. Kf4 Ke6 40. Bf8 g5+ 41. Kf3 Ng8 42. Bb4 Kf7 43. Bd6 Nf6 44. Ba3 Ne8 45. Bb4 Nc7 46. Bd6 Ne6 47. Be5 Nf8 48. g4 Kg6 49. gxf5+ Kxf5 50. Bg7 Ne6 51. Bxh6 Kg6 52. e4 dxe4+ 53. Kxe4 Kxh6 54. d5 Nc5+ 55. Kf5 Kh5 56. d6 Kh4 57. Kg6 Ne6 58. Kf6 Nc5 59. Kg6 Kxh3 60. Kxg5 1/2-1/2

[Event "BL 2324 MSA Zugzwang - SC Heimbach-Weis-"]
[Site "?"]
[Date "2023.10.22"]
[Round "2.7"]
[White "Ferreira, Jorge Viterbo"]
[Black "Hertneck, Gerald"]
[Result "1/2-1/2"]
[WhiteElo "2525"]
[BlackElo "2441"]
[PlyCount "74"]
[EventDate "2023.??.??"]

1. e4 e6 2. d3 d5 3. Nd2 Nf6 4. Ngf3 b6 5. c3 c5 6. e5 Nfd7 7. d4 cxd4 8. cxd4 Be7 9. Bd3 Ba6 10. Bxa6 Nxa6 11. O-O Nb4 12. Ne1 O-O 13. Qg4 Qc8 14. Ndf3 Re8 15. a3 Qa6 16. Bh6 Bf8 17. Rc1 Nd3 18. Nxd3 Qxd3 19. Rc7 Re7 20. Rc3 Qg6 21. Qxg6 hxg6 22. Bd2 b5 23. Rfc1 Nb6 24. Rc5 a6 25. b3 Rb7 26. Rc7 Rxc7 27. Rxc7 Bxa3 28. Ba5 Rb8 29. Rc6 Nc8 30. Kf1 Bf8 31. Rxa6 b4 32. Ke2 Rb7 33. Ra8 Ne7 34. Bd8 Nc6 35. Bg5 Rb8 36. Ra6 Rc8 37. g4 Ne7 1/2-1/2

[Event "BL 2324 MSA Zugzwang - SC Heimbach-Weis-"]
[Site "?"]
[Date "2023.10.22"]
[Round "2.8"]
[White "Zysk, Robert"]
[Black "Tica, Sven"]
[Result "1/2-1/2"]
[WhiteElo "2388"]
[BlackElo "2444"]
[PlyCount "74"]
[EventDate "2023.??.??"]

1. Nf3 d5 2. g3 Nd7 3. d4 Ngf6 4. Bg2 e6 5. O-O Be7 6. Nbd2 O-O 7. c4 c6 8. b3 a5 9. a3 b6 10. Bb2 Ba6 11. Rc1 Rc8 12. Qc2 c5 13. Rfd1 cxd4 14. Nxd4 Bc5 15. Qb1 e5 16. Nc2 dxc4 17. Nxc4 Bxc4 18. bxc4 Qe7 19. Qa1 Rc7 20. e3 Re8 21. Ne1 e4 22. Nc2 h5 23. Nd4 Ne5 24. Nb5 Rc6 25. Bxe5 Qxe5 26. Qxe5 Rxe5 27. Rd8+ Kh7 28. a4 g5 29. h3 Kg6 30. Rc2 Re7 31. Nd4 Rcc7 32. Nb5 Rc6 33. Rcd2 Bb4 34. R2d4 Bc5 35. Rd1 Bb4 36. R1d4 Bc5 37. Rd1 Bb4 1/2-1/2

[Event "BL 2324 FC Bayern München - USV TU Dres"]
[Site "?"]
[Date "2023.12.02"]
[Round "3.1"]
[White "Nisipeanu, Liviu-Dieter"]
[Black "Huschenbeth, Niclas"]
[Result "1/2-1/2"]
[WhiteElo "2587"]
[BlackElo "2614"]
[PlyCount "44"]
[EventDate "2023.??.??"]

1. d4 Nf6 2. c4 e6 3. Nc3 Bb4 4. e3 O-O 5. Bd3 d5 6. a3 dxc4 7. Bxc4 Be7 8. Nf3 c5 9. O-O a6 10. dxc5 Bxc5 11. Qc2 b5 12. Bd3 Nbd7 13. Ne4 Bb7 14. Rd1 Nxe4 15. Bxe4 Bxe4 16. Qxe4 Nf6 17. Qc2 Qb6 18. Bd2 Rac8 19. Rac1 Qb7 20. Qb1 Be7 21. Ba5 Nd5 22. Ne5 Rxc1 1/2-1/2

[Event "BL 2324 FC Bayern München - USV TU Dres"]
[Site "?"]
[Date "2023.12.02"]
[Round "3.3"]
[White "Michalik, Peter"]
[Black "Santos Ruiz, Miguel"]
[Result "1/2-1/2"]
[WhiteElo "2573"]
[BlackElo "2593"]
[PlyCount "41"]
[EventDate "2023.??.??"]

1. e4 c5 2. Nf3 d6 3. d4 cxd4 4. Nxd4 Nf6 5. Nc3 a6 6. Be2 e5 7. Nf3 Be7 8. Bg5 Be6 9. Bxf6 Bxf6 10. Qd2 Be7 11. Nd5 Nd7 12. O-O Nf6 13. Nxe7 Qxe7 14. Qe3 Rc8 15. c3 O-O 16. Bd1 Rfe8 17. Re1 Qc7 18. Ng5 Bc4 19. Be2 d5 20. Bxc4 dxc4 21. Rad1 1/2-1/2

[Event "BL 2324 FC Bayern München - USV TU Dres"]
[Site "?"]
[Date "2023.12.02"]
[Round "3.4"]
[White "Dragnev, Valentin"]
[Black "Gajewski, Grzegorz"]
[Result "1-0"]
[WhiteElo "2579"]
[BlackElo "2561"]
[PlyCount "67"]
[EventDate "2023.??.??"]

1. e4 e5 2. Nf3 Nc6 3. Bc4 Bc5 4. Nc3 Nf6 5. d3 a6 6. Be3 Bb4 7. O-O Bxc3 8. bxc3 d5 9. exd5 Nxd5 10. Bc5 Be6 11. Qe1 f6 12. Nd4 Qd7 13. Nxe6 Qxe6 14. a4 O-O-O 15. Rb1 Rhe8 16. Qc1 Na5 17. Qb2 Qc6 18. Bxd5 Rxd5 19. Be3 e4 20. c4 Rh5 21. c5 exd3 22. cxd3 Qxa4 23. d4 Rd5 24. Rfc1 f5 25. Bd2 Kd7 26. Bxa5 Qxa5 27. Qxb7 Rxd4 28. h3 Qa4 29. c6+ Kd6 30. Qb2 Re7 31. Qb8 Rde4 32. Qg8 R4e6 33. Qd8+ Ke5 34. Re1+ 1-0

[Event "BL 2324 FC Bayern München - USV TU Dres"]
[Site "?"]
[Date "2023.12.02"]
[Round "3.5"]
[White "Vogel, Roven"]
[Black "Alonso Rosell, Alvar"]
[Result "1-0"]
[WhiteElo "2509"]
[BlackElo "2566"]
[PlyCount "81"]
[EventDate "2023.??.??"]

1. c4 c5 2. g3 g6 3. Bg2 Bg7 4. Nc3 Nc6 5. Rb1 d6 6. a3 e6 7. b4 Nge7 8. Nf3 O-O 9. h4 h6 10. Na4 cxb4 11. axb4 d5 12. b5 Na5 13. cxd5 exd5 14. O-O d4 15. Bb2 Be6 16. Nc5 Bd5 17. Ba1 Rc8 18. Nd3 b6 19. Nf4 Ba8 20. Rb4 Nf5 21. Qb1 Re8 22. Bh3 Rc5 23. h5 Be4 24. d3 Bxf3 25. exf3 g5 26. Ng2 Ne7 27. Kh2 Nd5 28. Rxd4 Bxd4 29. Bxd4 Rc7 30. Qb2 Qd6 31. Ne3 Nxe3 32. fxe3 Qd5 33. Rf2 Qb3 34. Qe2 Qxb5 35. f4 Rc1 36. fxg5 Nb3 37. gxh6 Qg5 38. h7+ Kxh7 39. Rxf7+ Kg8 40. Rg7+ Qxg7 41. Bxg7 1-0

[Event "BL 2324 FC Bayern München - USV TU Dres"]
[Site "?"]
[Date "2023.12.02"]
[Round "3.6"]
[White "Bogner, Sebastian"]
[Black "Maiwald, Jens-Uwe"]
[Result "1/2-1/2"]
[WhiteElo "2534"]
[BlackElo "2445"]
[PlyCount "89"]
[EventDate "2023.??.??"]

1. d4 Nf6 2. c4 e6 3. Nc3 Bb4 4. e3 O-O 5. Bd3 d5 6. a3 Bxc3+ 7. bxc3 c5 8. Ne2 dxc4 9. Bxc4 Qc7 10. Bd3 e5 11. e4 cxd4 12. cxd4 exd4 13. O-O Nc6 14. f4 Ng4 15. h3 Ne3 16. Bxe3 dxe3 17. Qc1 Rd8 18. Qxe3 Qb6 19. Qxb6 axb6 20. Bc4 Be6 21. Bxe6 fxe6 22. Rfb1 Rd2 23. Nc3 Rd3 24. Nb5 Ra4 25. Re1 Rb3 26. Nd6 Rd4 27. Rad1 Rxa3 28. Rxd4 Nxd4 29. f5 Kf8 30. fxe6 Nxe6 31. Rb1 Nc5 32. Rxb6 Ra6 33. Rb5 Rxd6 34. Rxc5 Rd4 35. e5 Ke7 36. Rb5 Ke6 37. Kf2 b6 38. Ke3 Rd5 39. Rxb6+ Kxe5 40. Rb7 Kf6 41. Rb6+ Kf7 42. Rb7+ Kf6 43. Rb6+ Kf7 44. Rb7+ Kf6 45. Rb6+ 1/2-1/2

[Event "BL 2324 FC Bayern München - USV TU Dres"]
[Site "?"]
[Date "2023.12.02"]
[Round "3.7"]
[White "Boensch, Uwe"]
[Black "Bischoff, Klaus"]
[Result "1/2-1/2"]
[WhiteElo "2456"]
[BlackElo "2449"]
[PlyCount "45"]
[EventDate "2023.??.??"]

1. d4 Nf6 2. c4 e6 3. Nf3 d5 4. Nc3 Be7 5. Bg5 h6 6. Bxf6 Bxf6 7. e3 O-O 8. Rc1 c6 9. Bd3 Nd7 10. O-O dxc4 11. Bxc4 e5 12. Ne4 exd4 13. Nxf6+ Nxf6 14. Qxd4 Qxd4 15. Nxd4 Re8 16. Rfe1 a6 17. Bb3 a5 18. a3 Be6 19. Bxe6 fxe6 20. Red1 Kf7 21. f3 Red8 22. e4 Ke7 23. Kf2 1/2-1/2